Điều khiển với Simatic S7-300 /
Điều khiển với SIMATIC S7-300 được viết với nhiều thay đổi về cấu trúc, bổ sung nội dung cho phù hợp hơn nữa với thực tế và yêu cầu mở rộng miền ứng dụng. Nội dung cuốn sách gồm 6 phần...
Shranjeno v:
| Glavni avtor: | |
|---|---|
| Format: | Knjiga |
| Jezik: | Vietnamese |
| Izdano: |
H. :
Bách KHoa Hà Nội,
2015
|
| Teme: | |
| Oznake: |
Označite
Brez oznak, prvi označite!
|
| Thư viện lưu trữ: | Thư viện Trường CĐ Kỹ Thuật Cao Thắng |
|---|
| LEADER | 01064nam a2200241 a 4500 | ||
|---|---|---|---|
| 001 | TVCDKTCT81113 | ||
| 003 | TVCĐKTCT | ||
| 005 | 20151224090530.9 | ||
| 008 | 151224syyyy vn | ||
| 980 | \ | \ | |a Thư viện Trường CĐ Kỹ Thuật Cao Thắng |
| 024 | |a RG_1 #1 eb0 | ||
| 020 | # | # | |a 9786049385711 |
| 041 | 0 | # | |a vie |
| 082 | # | # | |a 629.8 |b Đ309K |
| 100 | 1 | # | |a Phan Xuân Minh |
| 245 | 1 | 0 | |a Điều khiển với Simatic S7-300 / |c Phan Xuân Minh, Nguyễn Doãn Phước |
| 260 | # | # | |a H. : |b Bách KHoa Hà Nội, |c 2015 |
| 300 | |a 252 tr. ; |c 24 cm | ||
| 520 | # | # | |a Điều khiển với SIMATIC S7-300 được viết với nhiều thay đổi về cấu trúc, bổ sung nội dung cho phù hợp hơn nữa với thực tế và yêu cầu mở rộng miền ứng dụng. Nội dung cuốn sách gồm 6 phần |
| 541 | # | # | |a Mua |
| 650 | # | 4 | |a Điều khiển tự động |
| 650 | |a Phần mềm Simatic S7 | ||
| 653 | # | # | |a Điều khiển mở |


